| 000 | 01091cam a22002294a 4500 | ||
|---|---|---|---|
| 005 | 20250605164146.0 | ||
| 008 | 250528s ||||||||||||||||||||||||d | ||
| 035 | _a19182 | ||
| 020 | _a335229093 | ||
| 040 |
_aGR-AtMCL _bgre _dGR-AtMCL _eAACR2 |
||
| 245 | 1 | _aStudy Skills for Psychology Students / Successful Studying | |
| 250 | _a1st | ||
| 260 |
_bMc Graw Hill Education, _c2009 |
||
| 300 | _a226 | ||
| 520 | _aThis practical handbook is an essential companion for Psychology students. Skills for Successful Study Series, Series Editor's Preface, Introduction: Why You Need This Handbook and How to Use It, First Things First, Organizing Inputs, Using IT, Achieving Good Outputs, Research Projects and Dissertations, What Next?, How to Reference Your Work, Answers to Exercises, Acronyms and Abbreviations, Glossary, Common Terms (and Some of their alternatives) Used in Statistics, Further Reading, References, Index. | ||
| 700 | 1 |
_aCanter David _95091 |
|
| 700 | 1 |
_aLatto Jennifer _95426 |
|
| 700 | 1 |
_aLatto Richard _95427 |
|
| 942 | _cBK | ||
| 999 |
_c4455 _d4455 |
||